Statistics for Salma's Favorite Movies 2023

Click here to take the quiz!

General Stats

  • This quiz has been taken 6 times
  • The average score is 14 of 25

Answer Stats

% Correct
DreamWorksShrek
100%
DreamWorksPuss in Boots: The Last Wish
75%
Studio GhibliSpirited Away
75%
Top 5The Princess Bride
75%
NickelodeonThe Spongebob Squarepants Movie (2004)
75%
Warner Bros.Corpse Bride
50%
MarvelGuardians of the Galaxy
50%
DreamWorksHow To Train Your Dragon
50%
Top 5Invader Zim: Enter the Florpus
50%
DreamWorksKung Fu Panda
50%
Top 5Legend of Xiao Hei
50%
Top 5Lilo & Stitch
50%
TriStar PicturesMatilda
50%
DreamWorksMegamind
50%
20th Century StudiosRon's Gone Wrong
50%
Warner Bros.Scooby Doo (2002)
50%
Universal PicturesScott Pilgrim vs. the World
50%
MarvelShang-Chi
50%
DCShazam!
50%
ParamountSonic the Hedgehog 2
50%
Top 5Spider-Man: Across the Spiderverse
50%
DisneyThe Emperor's New Groove
50%
Warner Bros.The Iron Giant
50%
DisneyWreck It Ralph
50%
Columbia PicturesYear One
50%

Score Distribution

Percentile by Number Answered

Percent of People with Each Score

Your Score History

You have not taken this quiz